Los cambios sociales (Record no. 39188)

MARC details
000 -LEADER
campo de control de longitud fija 00599nam a2200169 i 4500
001 - NÚMERO DE CONTROL
campo de control 39188
003 - IDENTIFICADOR DE NÚMERO DE CONTROL
campo de control ES-MaACL
007 - CAMPO FIJO DE DESCRIPCIÓN FÍSICA--INFORMACIÓN GENERAL
campo de control de longitud fija t|
008 - DATOS DE LONGITUD FIJA--INFORMACIÓN GENERAL
campo de control de longitud fija 030227s1974 mx ||||1| spa d
245 04 - MENCIÓN DEL TÍTULO
Título Los cambios sociales
Resto del título : fuentes, tipos y consecuencias /
Mención de responsabilidad, etc. compilado y presentado por Amitai Etzioni y Eva Etizioni ; [traducción Florentino M. Torner].
260 ## - PUBLICACIÓN, DISTRIBUCIÓN, ETC.
Lugar de publicación, distribución, etc. México :
Nombre del editor, distribuidor, etc. Fondo de Cultura Económica,
Fecha de publicación, distribución, etc. [1974]
300 ## - DESCRIPCIÓN FÍSICA
Extensión 453 p. ;
Dimensiones 23 cm.
700 1# - ENTRADA AGREGADA--NOMBRE PERSONAL
Nombre de persona Etzioni, Amitai.
9 (RLIN) 48312
700 1# - ENTRADA AGREGADA--NOMBRE PERSONAL
Nombre de persona Etzioni, Eva.
9 (RLIN) 48313
700 1# - ENTRADA AGREGADA--NOMBRE PERSONAL
Nombre de persona Torner, Florentino M.
9 (RLIN) 110662
852 ## - LOCALIZACIÓN
Ubicación ES-MaACL
Número de control de estantería E-6041
Sublocalización o colección R.90576
Holdings
Estatus retirado Estado de pérdida Estado de daño No para préstamo Biblioteca de origen Biblioteca actual Ubicación en estantería Fecha de adquisición Fuente de adquisición Total de préstamos Signatura topográfica completa Código de barras Visto por última vez Precio de reemplazo Tipo de ítem Koha
        Biblioteca del Ateneo de Madrid Biblioteca del Ateneo de Madrid Depósito 2 17/01/2008     E-6041 1041267 23/02/2023 23/02/2023 Libro impreso